000 00541nam a2200205Ii 4500
003 JO-AjNU
005 20251028124639.0
008 230605s9999||||xx |||||||||||||| ||und||
017 _a2001/8/1656
020 _a9957-07-260-9
040 _aJO-AjNU
_bara
_erda
_cJO-AjNU
041 _aara
050 1 4 _aPJ6184.H3782 2001
245 0 0 _aمخرج بموجب مستند اخراج رقم 66
250 _aط1
336 _atext
_btxt
_2rdacontent
337 _aunmediated
_bn
_2rdamedia
338 _avolume
_bnc
_2rdacarrier
942 _2lcc
_cBK
999 _c21181
_d21181